| 000 | 00666nam a2200181 a 4500 | ||
|---|---|---|---|
| 008 | 110913s1990 ||||||||||||||||| || u | ||
| 020 | _a0826166601 | ||
| 050 | _aHQ 1064 Ger | ||
| 100 | _aFerraro, Kenneth F | ||
| 245 | 1 | 0 |
_aGerontology: perspectives and issues _c[edited by] Kenneth F. Ferraro |
| 260 |
_aNew York _bSpringer _c1990 |
||
| 300 | _axvii, 381p.: ill. | ||
| 350 | _a0.00 | ||
| 650 | _aAGED | ||
| 650 | _aGERIATRICS | ||
| 650 | _aGERONTOLOGY--UNITED STATES | ||
| 995 |
_aMEDICAL LIBRARY OPEN ACCESS _D0.00 _e900577 _FCBU-SCHOOL OF MEDICINE LIBRARY (Ndola) _H1 _I0.00 _jHQ 1064 GER _M1 _UAVAILABLE _WOct 17, 2011 _y900577 _ZMedical Library Open Access Collection |
||
| 999 |
_c31529 _d31529 |
||